LEADER 01337nam a2200313 a 4500 001 000000129194 003 CaOOAMICUS 005 20120606120132.0 008 120606s2009 it u000 u ita r 020 $a978-88-06-16763-9 040 $aPUL$bita 082 04$a940.1 100 1 $aBordone, Renato,$d1948-$0(OLS)http://pul/name/61535 245 10$aDieci secoli di Medioevo /$cRenato Bordone, Giuseppe Sergi. 260 $aTorino :$bGiulio Einaudi,$c©2009. 300 $aXIX, 415 p. ;$c21 cm 490 1 $aPiccola biblioteca Einaudi. Nuova serie. Storia ;$v467 500 $aBibliografia p. [391]-394. 651 4$aEuropa$xStoria$yEvo medio.$0(OLS)http://pul/subject/4201 700 1 $aSergi, Giuseppe,$d1841-1936.$0(OLS)http://pul/name/5980 830 0$aPiccola biblioteca Einaudi.$pNuova serie$pStoria ;$v467.$0(OLS)http://pul/title/156724 850 $aPUL 852 $aPUL$W1$xSL Cons. Gen., Altre Classi 3$y75$m940. 1 BORRE 1$j149604$qDDC 21$B148128$CPULBib$Z2$F148128 $H120026 $82 941 1 $a9 996 $6020$a978-88-06-16763-9$9(OLS)http://pul/number/149922 996 $6082$a940.1$9(OLS)http://pul/classification/198 996 $6245$aDieci secoli di Medioevo$9(OLS)http://pul/title/163258 996 $6260$aTorino :$bGiulio Einaudi$9(OLS)http://pul/publisher/54573 LEADER 01501nam a2200325 u 4500 001 000000108903 003 CaOOAMICUS 005 20080109101800.0 008 080109s2006 it u000 u ita u 020 $a88-452-5710-X 040 $aPUL$bita$dLDB 041 1 $aita$ager$hger 100 1 $aSchopenhauer, Arthur,$d1788-1860.$0(OLS)http://pul/name/15397 240 10$aWelt als Wille und Vorstellung.$lItaliano.$0(OLS)http://pul/title/24332 245 13$aIl mondo come volontą e rappresentazione /$cArthur Schopenhauer ; testo tedesco a fronte ; introduzione e traduzione di Sossio Giametta ; bibliografia e indici di Vincenzo Cicero. 260 $aMilano :$bBompiani,$c2006. 300 $alxx, 2288 ;$c22 cm. 490 1 $aBompiani Il pensiero occidentale 504 $aInclude bibliografia e indici. 546 $aTesto a fronte in tedesco. 650 14$aMetafisica.$0(OLS)http://pul/subject/433 700 1 $aGiametta, Sossio,$d1929-2024.$0(OLS)http://pul/name/35662 830 0$aBompiani Il pensiero occidentale.$0(OLS)http://pul/title/99836 850 $aPUL 852 $aPUL$W1$xSL Filosofia 3$y81$m190 COLL 2.66$j124499$qDDC 21$B123109$CPULBib$Z2$F123109 $H105996 $82 941 1 $a9 983 3$aIl pensiero occidentale (Bompiani) 996 $6020$a88-452-5710-X$9(OLS)http://pul/number/136613 996 $6245$aIl mondo come volontą e rappresentazione$9(OLS)http://pul/title/73235 996 $6260$aMilano :$bBompiani$9(OLS)http://pul/publisher/48240